Marvel Strike Force Characters - Statistics

General Stats
  • This quiz has been taken 15 times
    11 since last reset
  • The average score is 134 of 326
Answer Stats
Letter Character % Correct
A Absorbing Man
88%
B Black Panther
88%
B Black Widow
88%
C Captain America
88%
C Captain Marvel
88%
D Deadpool
88%
G Green Goblin
88%
I Iron Man
88%
S Spider-Man
88%
T Thanos
88%
T Thor
88%
A Abomination
75%
A Ant-Man
75%
B Black Bolt
75%
C Carnage
75%
D Daredevil
75%
D Doctor Doom
75%
D Doctor Octopus
75%
D Doctor Strange
75%
F Falcon
75%
G Gamora
75%
G Ghost
75%
H Hank Pym
75%
H Hulk
75%
H Human Torch
75%
L Lizard
75%
L Loki
75%
M Moon Knight
75%
N Nick Fury
75%
P Punisher
75%
R Red Hulk
75%
R Rocket Raccoon
75%
S Star-Lord
75%
T Taskmaster
75%
T The Thing
75%
U Ultron
75%
W War Machine
75%
W Wasp
75%
W Winter Soldier
75%
W Wolverine
75%
A Adam Warlock
63%
A Agatha Harkness
63%
A Agent Venom
63%
A A.I.M. Monstrosity
63%
A America Chavez
63%
B Baron Zemo
63%
B Black Cat
63%
C Cable
63%
C Cyclops
63%
D Domino
63%
D Dormammu
63%
E Electro
63%
E Elektra
63%
E Emma Frost
63%
G Groot
63%
H Hawkeye
63%
H Heimdall
63%
I Invisible Woman
63%
I Iron Fist
63%
J Jessica Jones
63%
J Juggernaut
63%
M Magneto
63%
M Mister Fantastic
63%
P Psylocke
63%
R Red Skull
63%
S Scarlet Witch
63%
S Shang-Chi
63%
S She-Hulk
63%
S Shuri
63%
S Silver Surfer
63%
S Spider-Man (2099)
63%
V Venom
63%
V Vision
63%
Y Yellowjacket
63%
A Agent Coulson
50%
A A.I.M. Researcher
50%
A Anti-Venom
50%
A Apocalypse
50%
B Beast
50%
B Black Knight
50%
B Blade
50%
B Bucky Barnes
50%
B Bullseye
50%
C Captain Britain
50%
C Captain Carter
50%
C Colossus
50%
C Corvus Glaive
50%
C Cosmo
50%
C Cull Obsidian
50%
D Drax
50%
E Ebony Maw
50%
G Gambit
50%
G Ghost-Spider
50%
G Gorr
50%
H Hela
50%
H Hulkbuster
50%
I Ikaris
50%
I Ironheart
50%
I Iron Man (Zombie)
50%
J Jean Grey
50%
J Jubilee
50%
K Kang The Conqueror
50%
K Kestrel
50%
K Killmonger
50%
L Lady Deathstrike
50%
L Luke Cage
50%
M Mantis
50%
M Maria Hill
50%
M Mockingbird
50%
M Moondragon
50%
M Ms Marvel
50%
M Mysterio
50%
N Nakia
50%
N Namor
50%
N Nova
50%
O Okoye
50%
P Phoenix
50%
P Photon
50%
P Proxima Midnight
50%
Q Quicksilver
50%
R Red Guardian
50%
R Rescue
50%
R Rogue
50%
R Ronin
50%
S Sabretooth
50%
S Scientist Supreme
50%
S Sersi
50%
S Spider-Woman
50%
T Thor (Infinity War)
50%
U Ultimus
50%
V Vahl
50%
V Vulture
50%
W Wong
50%
X X-23
50%
Y Yelena Belova
50%
Y Yondu
50%
A A.I.M. Security
38%
A Ancient One
38%
A Archangel
38%
A Ares
38%
B Beta Ray Bill
38%
B Black Panther (Shuri)
38%
B Blob
38%
C Captain America (Sam)
38%
C Cosmic Ghost Rider
38%
C Crossbones
38%
D Daken
38%
D Deathlok
38%
D Deathpool
38%
D Doctor Voodoo
38%
E Emma Frost (X-Men)
38%
F Forge
38%
G Ghost Rider
38%
G Ghost Rider (Robbie)
38%
G Gladiator
38%
G Green Goblin (Classic)
38%
G Gwenom
38%
G Gwenpool
38%
H Hercules
38%
I Iceman
38%
I Iron Man (Infinity War)
38%
J Juggernaut (Zombie)
38%
K Karnak
38%
K Kate Bishop
38%
K Kingpin
38%
K Kitty Pryde
38%
K Knull
38%
K Korath The Pursuer
38%
K Kraven The Hunter
38%
M Magik
38%
M Man-Thing
38%
M M'Baku
38%
M Medusa
38%
M Mephisto
38%
M Mighty Thor
38%
M Mister Sinister
38%
M Moonstone
38%
M Morbius
38%
M Mordo
38%
M Morgan Le Fay
38%
M Mystique
38%
N Nebula
38%
N Nightcrawler
38%
N Nobu
38%
O Oath
38%
O Odin
38%
O Old Man Logan
38%
O Omega Red
38%
O Omega Red (Phoenix Force)
38%
P Patriot
38%
P Peggy Carter
38%
P Peni Parker
38%
P Polaris
38%
P Pyro
38%
Q Quasar
38%
R Ravager Boomer
38%
R Rhino
38%
S Scarlet Spider
38%
S Scarlet Witch (Zombie)
38%
S Scream
38%
S Shadow King
38%
S Sharon Carter
38%
S S.H.I.E.L.D. Trooper
38%
S Shocker
38%
S Sif
38%
S Songbird
38%
S Spider-Man (Miles)
38%
S Spider-Man (Noir)
38%
S Spider-Slayer
38%
S Stature
38%
S Storm
38%
S Stryfe
38%
T Titania
38%
U Union Jack
38%
U U.S. Agent
38%
V Valkyrie
38%
Y Yo-Yo
38%
A A.I.M. Assaulter
25%
B Bishop
25%
B Black Panther (1MM)
25%
B Brawn
25%
C Captain America (WWII)
25%
C Cloak
25%
C Colleen Wing
25%
C Crystal
25%
D Dagger
25%
D Darkhawk
25%
D Dazzler
25%
E Echo
25%
E Elsa Bloodstone
25%
F Fantomex
25%
F Firestar
25%
G Guardian
25%
H Hand Archer
25%
H Hand Sorceress
25%
H Havok
25%
H Hellverine
25%
H Howard The Duck
25%
H Hydra Scientist
25%
H Hydra Sniper
25%
H Hyperion
25%
I Iron Patriot
25%
K Kahhori
25%
K Korg
25%
L Longshot
25%
M Madelyne Pryor
25%
M Mister Negative
25%
M Misty Knight
25%
M Ms Marvel (Classic)
25%
M Multiple Man
25%
N Negasonic
25%
N Nico Minoru
25%
N Night Nurse
25%
N Northstar
25%
O Omega Sentinel
25%
P Pandapool
25%
P Peter B. Parker
25%
P Phyla-Vell
25%
R Ravager Bruiser
25%
R Ravager Stitcher
25%
R Red Goblin
25%
R Ronan The Accuser
25%
S Sasquatch
25%
S Sentinel
25%
S Shatterstar
25%
S S.H.I.E.L.D. Medic
25%
S S.H.I.E.L.D. Security
25%
S Silver Sable
25%
S Silver Samurai
25%
S Spider-Punk
25%
S Spider-Weaver
25%
S Star-Lord (T'Challa)
25%
S Sunfire
25%
S Sunspot
25%
S Super Skrull
25%
S Swarm
25%
T Thanos (Endgame)
25%
T The Leader
25%
T Toad
25%
V Viv Vision
25%
A A.I.M. Infector
13%
D Dark Beast
13%
F Falcon (Joaquin)
13%
G Graviton
13%
H Hand Assassin
13%
H Hand Blademaster
13%
H Hand Sentry
13%
H Hydra Armoured Guard
13%
H Hydra Grenadier
13%
H Hydra Rifle Trooper
13%
I Iron Fist (WWII)
13%
K Kree Noble
13%
K Kree Reaper
13%
K Kree Royal Guard
13%
L Lilandra
13%
L Loki (Teen)
13%
M Mercenary Sniper
13%
M Minn-Erva
13%
M Ms Marvel (Hard Light)
13%
N Nemesis
13%
N Nimrod
13%
S Satana
13%
S S.H.I.E.L.D. Assault
13%
S S.H.I.E.L.D. Operative
13%
S Spider-Man (Big Time)
13%
S Spider-Man (Symbiote)
13%
S Squirrel Girl
13%
S Sylvie
13%
T The Hood
13%
T Tigra
13%
V Victoria Hand
13%
W White Tiger
13%
D Daredevil (Modern)
0%
H Hit-Monkey
0%
I Ironheart (MKII)
0%
K Kree Cyborg
0%
K Kree Oracle
0%
M Mercenary Lieutenant
0%
M Mercenary Riot Guard
0%
M Mercenary Solider
0%
P Professor Xavier
0%
S Spider-Man (Pavitr)
0%
S Starband
0%
S Star-Lord (Annihilator)
0%
S Strange (Heartless)
0%
V Void Knight
0%
No matching quizzes found
Score Distribution
Percent of People with Each Score
Percentile by Number Answered
Your Score History
You have not taken this quiz since the last reset